El divino amor humano

Shranjeno v:
Bibliografske podrobnosti
Glavni avtor: Carrere, Emilio (Author)
Format: Knjiga
Jezik:španščina
Izdano: Madrid Mundo Latino 1900
Serija:Mundo Latino, 6
Teme:
Oznake: Označite
Brez oznak, prvi označite!

MARC

LEADER 00000nam a2200000 a 4500
001 UCZ8246
003 CL-VaPUC
008 960119e19000000SP |||||||||||||||||spa|d
082 0 4 |a 863  |b CAR  |2 21 
100 |a Carrere, Emilio  |e author  |9 342379 
245 1 3 |a El divino amor humano 
300 |a 224 p 
942 |c BK 
945 |d 19960119 00:00:00  |a rleighto 
260 |a Madrid  |b Mundo Latino  |c 1900 
650 0 |a Novelas españolas  |9 265052 
583 |a last modification  |c 19960119 00:00:00  |k Rodrigo Vera 
490 0 |a Mundo Latino, 6 
999 |c 244183  |d 244181 
952 |0 0  |1 0  |4 0  |6 863_000000000000000_CAR_1900  |7 0  |8 A  |9 258159  |a BIBEDU  |b BIBEDU  |d 2019-11-19  |i 3170306  |o 863 CAR 1900  |p 3170306  |r 2019-11-19  |w 2019-11-19  |y BK  |k LIT